The Oxford companion to chess

Bibliographic Details
Main Author: HOOPER, David
Other Authors: WHYLD, Kenneth
Format: Book
Published: Oxford : Oxford University Press , 1992
Subjects:

MARC

LEADER 00000cam a2200000 7i4500
001 0000002795
002 000003026
005 20000330.0
020 |a 0198661649 
090 0 0 |a 794.10321   |b HOO 
100 1 |a HOOPER, David 
245 1 4 |a The Oxford companion to chess   |c David Hooper and Kenneth Whyld 
260 |a Oxford :   |b Oxford University Press ,   |c 1992 
300 |a 483p. ;   |c 24cm. 
650 0 0 |a Chess 
700 1 |a WHYLD, Kenneth 
999 |a 036398   |b BUKU   |c PINJAMAN   |e PERPUSTAKAAN KOMUNITI PETALING JAYA